Normal view
MARC view
Entry Personal Name
001 - CONTROL NUMBER
- control field: 736819
003 - CONTROL NUMBER IDENTIFIER
- control field: OSt
005 - DATE AND TIME OF LATEST TRANSACTION
- control field: 20250317121113.0
008 - FIXED-LENGTH DATA ELEMENTS
- fixed length control field: 250317|| aca||aabn | a|a d
040 ## - CATALOGING SOURCE
- Original cataloging agency: OSt
- Transcribing agency: OSt
100 ## - HEADING--PERSONAL NAME
- Personal name: Henderson J S
670 ## - SOURCE DATA FOUND
- Source citation: Work cat.: (OSt)1241584: Henderson J S, National income: statics and dynamics, 1969
